01437nam a2200385 i 450000100060000000300080000600500170001400600190003100700150005000800410006502000180010602000280012403500220015204000310017405000270020508000120023208000180024408200160026210000420027824501650032026400320048530000830051733600310060033700330063133800430066450400450070758800830075265000220083565000110085765000240086865500270089270000270091970000420094685600630098884384FINmELB20241217152107.0m o u cr cn|||||||||210804s2021 sp a ob 000 0 por d a9788497293952 a9788497295017q(e-book) a(OCoLC)1265042177 aFINmELBbspaerdacFINmELB 4aGV1002.9.T7bF846 2021 a796.342 a796.342:37.0204a796.3422231 aFuentes García, Juan Pedro,eautor.10aTênis, escola e inclusão :bperspectiva socializadora e prática /cJuan Pedro Fuentes García, Juarez Müller Dias, Osvaldo André Furlaneto Rodrigues. 1a[Barcelona] :bINDE,c2021. a1 recurso en línea (166 páginas) :bilustraciones (blanco y negro y color) atextobtxt2rdacontent/spa acomputadorabc2rdamedia/spa arecurso en líneabcr2rdacarrier/spa aBibliografía: 4 páginas sin numerar. aDescripción basada en metadatos suministrados por el editor y otras fuentes. 0aTennisxTraining. 4aTenis. 4aTenisxDidáctica. 4aLibros electrónicos.1 aMüller Dias, Juarez.1 aFurlaneto Rodrigues, Osvaldo André.40uhttps://elibro.net/ereader/politecnicointernacional/174756